Developments in cross - Border securities investment in 1992

Gorde:
Xehetasun bibliografikoak
Formatua: Liburua
Hizkuntza:Undetermined
Argitaratua: Tokyo Bank of Japan 1993
Gaiak:
Etiketak: Etiketa erantsi
Etiketarik gabe, Izan zaitez lehena erregistro honi etiketa jartzen!
Thư viện lưu trữ: Trung tâm Học liệu Trường Đại học Cần Thơ
LEADER 00484nam a2200169Ia 4500
001 CTU_78844
008 210402s9999 xx 000 0 und d
082 |a 332.63 
082 |b D489 
245 0 |a Developments in cross - Border securities investment in 1992 
260 |a Tokyo 
260 |b Bank of Japan 
260 |c 1993 
650 |a Financial intitutions,Investments,Securities 
650 |z Japan 
904 |i M.Loan 
980 |a Trung tâm Học liệu Trường Đại học Cần Thơ